SAT Words HARD Click Quiz - C #4 - Statistics

General Stats
  • This quiz has been taken 318 times
  • The average score is 9 of 15
Answer Stats
Hint Answer % Correct
Visually appealing; attractive Comely
78%
Violate the rules; oppose Contravene
78%
Latin American military leader or dictator Caudillo
77%
Occult doctrine or practice Cabalism
74%
Gullible, naive Credulous
73%
Bulk volume of wine, blended for uniformity Cuvée
64%
Deep, luscious red Cinnabar
63%
Staff with two snakes and wings Caduceus
60%
Laugh loudly and immodestly Cachinnate
55%
Sparkle, shine Coruscate
44%
Land attached to a house; yard Curtilage
42%
Contemptuous and abusive Contumelious
41%
Reprimand, denunciation Commination
38%
Dark, misty, obscure Caliginous
36%
Over-subtle or specious argument Casuistry
31%
No matching quizzes found
Score Distribution
Percent of People with Each Score
Percentile by Number Answered
Your Score History
You have not taken this quiz